European English proficiency, top 15 - Statistics

General Stats
  • This quiz has been taken 36 times
  • The average score is 12 of 15
Answer Stats
Hint Answer % Correct
1. Ireland
100%
13. UK
97%
11. Finland
88%
7. Germany
88%
2. Netherlands
88%
4. Belgium
84%
4. Denmark
84%
8. Luxembourg
84%
2. Austria
81%
8. Iceland
78%
4. Switzerland
78%
8. Estonia
72%
13. Portugal
66%
15. Greece
63%
11. Slovenia
56%
No matching quizzes found
Score Distribution
Percent of People with Each Score
Percentile by Number Answered
Your Score History
You have not taken this quiz